000 00663nam a2200205Ii 4500
003 JO-AjNU
008 230605s9999||||xx |||||||||||||| ||und||
040 _aJO-AjNU
_bara
_erda
_cJO-AjNU
041 _aara
050 1 4 _aPJ7858 2003
100 3 _aإعداد الصايغ،ماجد,
_eauthor
_911898
245 0 0 _aالأصمعي: دراسة وتحليل
250 _aط1
264 3 1 _aبيروت:دار الفكر اللبناني،2003
300 _a205ص
336 _atext
_btxt
_2rdacontent
337 _aunmediated
_bn
_2rdamedia
338 _avolume
_bnc
_2rdacarrier
650 4 _aالأدب العربي - تراجم - السيرة الذاتية
_911899
999 _aA2561
_c6129
_d6129